Economía política del Ecuador: campo, región, nación /

Gespeichert in:
Bibliographische Detailangaben
1. Verfasser: Lefeber, Louis
Weitere Verfasser: ed.
Format: Text
Veröffentlicht: Quito: Corporación Editora Nacional
Tags: Tag hinzufügen
Keine Tags, Fügen Sie den ersten Tag hinzu!

MARC

LEADER 00000 a a2200000 04500
001 23621
003
040
090 |a 163700  
100 |a Lefeber, Louis  
245 |a Economía política del Ecuador: campo, región, nación /  |c Louis Lefeber 
260 |a Quito:   |b Corporación Editora Nacional  
300 |a 460 p.; vol. 6   |b **no definido**  
700 |a ed.  
999 |c 11106  |d 11106